000
00258nam a2200097Ia 4500
082
_a
916.8 OLIV
245
0
_a
Staproetes in Suid-Afrika
100
_a
OLIVIER, Willie Kaapstad, 2003
_9
55276
942
_c
BK
008
210817s9999 xx 000 0 und d
999
_c
173967
_d
173963